000 01576 a2200241 4500
003 Nust
005 20220818101315.0
010 _a 2006286577
020 _a0852964315
035 _a(OCoLC)56658976
035 _a(OCoLC)ocm56658976
040 _cNust
082 0 4 _a621.3822,GAY
100 1 _aGaydecki, Patrick.
_997920
245 1 0 _aFoundations of digital signal processing :
_btheory, algorithms and hardware design /
_cPatrick Gaydecki.
260 _aLondon :
_bInstitution of Electrical Engineers,
_cc2004.
300 _axxii, 462 p. :
_bill. ;
_c24 cm.+
_eCD-ROM (4 3/4 in.)
440 0 _aIEE circuits, devices and systems series ;
_v15
_996346
505 _aDefinitions and Applications of Digital Signal Processing (Page-1), A Linear Systems Toolbox (Page-15), An Introduction to High Level Computer Programming Using Delphi (Page-53), Analysis of Simple Electrical Systems Using Complex Impedance, Differential and Difference Equations (Page-117), Introduction to Convolution and Correlation (Page-153), Discrete Fourier Properties and Processing (Page-217), Introduction to Laplace space and The Laplace Transform (Page-253), An Introduction to z-Space, The z-Transform and Digital Filter Design (Page-277), Signal Sampling, Analog to Digital and Digital to Analog Conversion (Page-299), The Design and Implementation of Finite Impulse Response Filters (Page-325), The Deign and Implementation of Infinite Impulse Response Filters (Page-355).
650 0 _aTelecommunication engineering
710 2 _aInstitution of Electrical Engineers.
942 _cREF
_2ddc
999 _c175768
_d175768